MARC details
| 000 -CABECERA |
| campo de control de longitud fija |
03885nam a2200349 a 4500 |
| 003 - IDENTIFICADOR DEL NÚMERO DE CONTROL |
| campo de control |
CHAP |
| 005 - FECHA Y HORA DE LA ÚLTIMA TRANSACCIÓN |
| campo de control |
20230420185149.0 |
| 007 - CAMPO FIJO DE DESCRIPCIÓN FÍSICA--INFORMACIÓN GENERAL |
| campo de control de longitud fija |
ta |
| 008 - DATOS DE LONGITUD FIJA--INFORMACIÓN GENERAL |
| campo de control de longitud fija |
230418s2012 ag adeofr|||| 001 0 spa d |
| 020 ## - NÚMERO INTERNACIONAL ESTÁNDAR DEL LIBRO |
| Número Internacional Estándar del Libro |
978-987-572-235-4 |
| 040 ## - FUENTE DE LA CATALOGACIÓN |
| Centro catalogador/agencia de origen |
mxchpua |
| Centro/agencia transcriptor |
CHAP |
| Normas de descripción |
rda |
| 050 10 - SIGNATURA TOPOGRÁFICA DE LA BIBLIOTECA DEL CONGRESO |
| Número de clasificación |
TK3201 |
| Número de documento/Ítem |
.L48 2012 |
| 082 00 - NÚMERO DE LA CLASIFICACIÓN DECIMAL DEWEY |
| Número de clasificación |
621.319 |
| Número de documento/Ítem |
L48 2012 |
| Número de edición |
20 |
| 100 1# - ENTRADA PRINCIPAL--NOMBRE DE PERSONA |
| 9 (RLIN) |
186723 |
| Nombre de persona |
Levy, Rubén Roberto |
| 245 1# - MENCIÓN DE TÍTULO |
| Título |
Instalaciones eléctricas seguras : |
| Resto del título |
diseño, proyecto y montaje / |
| Mención de responsabilidad, etc. |
Rubén Roberto Levy |
| 250 ## - MENCIÓN DE EDICIÓN |
| Mención de edición |
Cuarta edición |
| 264 #1 - PRODUCCIÓN, PUBLICACIÓN, DISTRIBUCIÓN, FABRICACIÓN Y COPYRIGHT |
| Producción, publicación, distribución, fabricación y copyright |
Argentina: |
| Nombre del de productor, editor, distribuidor, fabricante |
Grupo Vanchri, |
| Fecha de producción, publicación, distribución, fabricación o copyright |
2020. |
| 300 ## - DESCRIPCIÓN FÍSICA |
| Extensión |
294 páginas : |
| Otras características físicas |
tablas, fotos, gráficas y planos + |
| Material acompañante/anejo |
1 CD |
| 336 ## - TIPO DE CONTENIDO |
| Fuente |
rdacontent |
| Término de tipo de contenido |
texto |
| Código de tipo de contenido |
txt |
| 337 ## - TIPO DE MEDIO |
| Fuente |
rdamedia |
| Nombre/término del tipo de medio |
sin medio |
| Código del tipo de medio |
n |
| 338 ## - TIPO DE SOPORTE |
| Fuente |
rdacarrier |
| Nombre/término del tipo de soporte |
volumen |
| Código del tipo de soporte |
nc |
| 500 ## - NOTA GENERAL |
| Nota general |
Incluye CD con planos y artículos técnicos. <br/>Incluye en la portada: "Soluciones normalizadas para proyectar y ejecutar instalaciones eléctricas de baja tensión en viviendas, oficinas y locales comerciales de acuerdo a la Reglamentación para la Ejecución de Instalaciones Eléctricas de Inmuebles AEA 90364, Parte 7, Sección 771, de la Asociación Electrotécnica Argentina" |
| 504 ## - NOTA DE BIBLIOGRAFÍA, ETC. |
| Nota de bibliografía, etc. |
Bibliografía: página 289 |
| 505 0# - NOTA DE CONTENIDO CON FORMATO |
| Nota de contenido con formato |
UNIDAD 1: LA ELECTRICIDAD. VALORES CARACTERÍSTICOS. CORRECCIÓN DEL FACTOR DE POTENCIA --<br/><br/>UNIDAD 2: INTERPRETACIÓN CONCEPTUAL DE TÉRMINOS. DETERMINACIÓN DEL GRADO DE ELECTRIFICACIÓN Y DE LA CARGA TOTAL POR MEDIO DE LOS PUNTOS MÍNIMOS DE UTILIZACIÓN. EJEMPLOS EN VIVIENDAS, LOCALES Y OFICINAS ESQUEMAS PERMITIDOS Y PROHIBIDOS DE CONEXIÓN DE NEUTRO --<br/><br/>UNIDAD 3: CRITERIOS DE PROYECTO PARA LAS EDIFICACIONES. CRITERIOS PARA ESPACIOS COMUNES Y SERVICIOS GENERALES. CÁLCULO DE CORRIENTES ELÉCTRICAS DE MOTORES TRIFÁSICOS (ASCENSORES, BOMBAS DE AGUA) Y DE SISTEMAS DE ILUMINACIÓN PARA SERVICIOS GENERALES DE EDIFICIOS. EJEMPLO. PROTECCIONES DIFERENCIALES. --<br/><br/>UNIDAD 4: EJEMPLO DE CÁLCULO DE LA CARGA TOTAL DE UN CONJUNTO MULTIVIVIENDA CON LOCAL COMERCIAL Y OFICINAS --<br/><br/>UNIDAD 5: CRITERIOS DE UTILIZACIÓN DE CONDUCTORES Y CABLES. SELECCIÓN DE ACUERDO A LA RIEI. CANALIZACIONES, BANDEJAS, INSTALACIONES DE ILUMINACIÓN. --<br/><br/>UNIDAD 6: SELECCIÓN DE PROTECCIONES ELÉCTRICAS, INTERRUPTORES AUTOMÁTICOS, PROTECCIONES DIFERENCIALES. CONDICIONES DE SEGURIDAD EN INSTALACIONES ELÉCTRICAS. --<br/><br/>UNIDAD 7: EJEMPLOS DE DISEÑO DE INSTALACIONES --<br/><br/>UNIDAD 8: PROYECTO ELÉCTRICO DE UN EDIFICIO DE VIVIENDAS EN PH SEGÚN MÉTODO DE LA RIEI |
| 505 0# - NOTA DE CONTENIDO CON FORMATO |
| Nota de contenido con formato |
Contenido de CD: --<br/>Carpeta Anexos y Artículos --<br/>Carpetas de proyectos y con planos en Autocad de temas tratados en el libro --<br/>Proyecto de local comercial y planilla de carga. Carpeta de circuitos en departamentos --<br/>Trabajos prácticos y respuestas. --<br/>Carpeta de actividad en Carlos Paz --<br/>Imágenes del texto - Carpeta de seguridad eléctrica --<br/>Carpeta de proyecto de escuela de enseñanza técnica. |
| 520 2# - SUMARIO, ETC. |
| Sumario, etc. |
Ha sido diseñado de modo de permitir al lector la comprensión de los requerimientos de las instalaciones eléctricas y mediante numerosos ejemplos de aplicación, diseño y montaje de las tareas relacionadas, brindar al instalador la posibilidad de cumplir los requerimientos legales de las instalaciones eléctricas. El método de explicación en Módulos les permitirá a los instaladores, desde los de formación básica en electricidad hasta los técnicos y especialistas, actualizar sus conocimientos en instalaciones eléctricas de viviendas y edificios en propiedad horizontal; y mediante numerosos ejemplos comprender desde los fundamentos de la electricidad hasta la elaboración de un proyecto completo para un edificio en propiedad horizontal. |
| 650 17 - PUNTO DE ACCESO ADICIONAL DE MATERIA--TÉRMINO DE MATERIA |
| Término de materia o nombre geográfico como elemento de entrada |
Instalaciones eléctricas |
| 9 (RLIN) |
58971 |
| Subdivisión general |
Medidas de seguridad |
| 650 17 - PUNTO DE ACCESO ADICIONAL DE MATERIA--TÉRMINO DE MATERIA |
| Término de materia o nombre geográfico como elemento de entrada |
Electricidad |
| 9 (RLIN) |
36215 |
| 650 13 - PUNTO DE ACCESO ADICIONAL DE MATERIA--TÉRMINO DE MATERIA |
| Término de materia o nombre geográfico como elemento de entrada |
Electric wiring |
| 9 (RLIN) |
149731 |
| Subdivisión general |
Safety measures |
| 650 13 - PUNTO DE ACCESO ADICIONAL DE MATERIA--TÉRMINO DE MATERIA |
| Término de materia o nombre geográfico como elemento de entrada |
Electricity |
| 9 (RLIN) |
150276 |
| 942 ## - ELEMENTOS DE PUNTO DE ACCESO ADICIONAL (KOHA) |
| Fuente del sistema de clasificación o colocación |
Dewey Decimal Classification |
| Tipo de ítem Koha |
|